000 00734nam a22002537a 4500
001 BR7375958
003 BR-BrBNA
005 20230928084450.0
007 ta
008 230509b bl.||||| |||| 00| 0 por d
040 _aBR-BrBNA
_bpor
_cBiblioteca Nacional de Agricultura
041 _a(Por)
072 _aE70
090 _ E70 BR7375958
100 1 _aFinageiv, V.
110 1 _aBanco Central do Brasil, Brasilia, DF
_91040
245 1 _aPrecos minimos [Precos agricolas; Protecao]
260 3 _aBrasilia, DF (Brasil):
_c1972.
300 _a182 p.
500 _a(*) Documento disponível no(a) Universidade Federal de Vicosa, MG (Brazil)
650 _aPRECO MINIMO
909 _a202309
_bLucia
_c55
_dLucia Elande
942 _cBK
999 _c19139
_d19139